| 000 | 00676nam a2200193 a 4500 | ||
|---|---|---|---|
| 005 | 20140412111324.0 | ||
| 008 | 000829s19uu xx 00 eng d | ||
| 020 | _a1-85697-189-9 | ||
| 050 |
_aREF 030 _bTh388 1999 |
||
| 100 | _aTheodorou, Rod | ||
| 245 |
_aI wonder why Triceratops had horns : _band other questions about dinosaurs / _cRod Theodorou. |
||
| 260 |
_aDanbury, Connecticut : _bGrolier Inc, _c1999. |
||
| 300 | _a32 p. | ||
| 440 | _aI wonder why | ||
| 500 | _aIncludes index | ||
| 520 | _aWith information and quirky facts to explain everything from 'Which dinosaur went fishing?' to 'Why did dinosaurs eat stone?' | ||
| 650 | _aDinosaurs | ||
| 999 |
_c104529 _d104529 |
||